000
00290nam a22000977a 4500
008
131218b xxu||||| |||| 00| 0 eng d
010
_a
2004109840
020
_a
053438781
_c
Available
245
_a
Mathematical Modeling and Computer Simulation
_c
Maki Daniel
260
_a
USA
_b
Thomson BRook/Cole
_c
2006
999
_c
23559
_d
23559